01763nac a22002771u 4500008004100000010001700041020001500058020001800073082001700091100004100108245010400149250001300253260007500266300002400341504005100365505071100416511002601127650003501153653000801188700002601196700002501222856008201247942002501329999001701354952011401371110502t xxu||||| |||| 00| 0 eng d a 2007002033 a0632058374 a978063205837200a690.028bBIL aBillington, M. J. 92351314aThe Building Regulations :bExplained and Illustrated /cM.J. Billington, K.T. Bright, J.R. Waters. a12th ed. aOxford ;aMalden, MA :bBlackwell Science/ Blackwell Pub. ,2004c2004 a1v.:bill.;c24 cm. aIncludes bibliographical references and index.0 aBuilding control: an overview -- The building regulations and approved documents -- Local authority control -- Private certification -- Work under the supervision of a competent person -- Structural stability (Part A) -- Fire (Part B) -- Materials, workmanship, site preparation and moisture exclusion (Part C) -- Toxic substances (Part D) -- Sound insulation (Part E) -- Ventilation (Part F) -- Hygiene (Part G) -- Drainage and waste disposal (Part H) -- Combustion appliances and fuel storage systems (Part J) -- Protection from falling, collision and impact (Part K) -- Conservation of fuel and power (Part L) -- Access to and use of buildings (Part M) -- Glazing (Part N) -- Electrical safety (Part P). acatalogued by: wessam 0aBuilding lawszEngland.923514 bCiv1 aBright, Keith.9235151 aWaters, J. R.923516413Table of contents onlyuhttp://www.loc.gov/catdir/toc/ecip078/2007002033.html cBBk690.028 BIL2ddc c15227d15227 00102ddc40708 aMAINbMAINc1STd2011-05-02epurchasel0o690.028 BILp000005988r2025-07-15 00:00:00yBB